Catálogo

LOS DESAFIOS DEL POSTGRADO EN AMERICA LATINA (Registro nro. 17128)

Detalles MARC
000 -LEADER
fixed length control field 00491nam a2200181 a 4500
001 - CONTROL NUMBER
control field 17128
005 - DATE AND TIME OF LATEST TRANSACTION
control field 20180713210229.0
008 - FIXED-LENGTH DATA ELEMENTS--GENERAL INFORMATION
fixed length control field 140415s1995 000 0 spa d
020 ## - INTERNATIONAL STANDARD BOOK NUMBER
International Standard Book Number 968680207X
041 ## - LANGUAGE CODE
Language code of text/sound track or separate title spa
082 ## - DEWEY DECIMAL CLASSIFICATION NUMBER
Classification number 378.15538
Item number SAN
100 1# - MAIN ENTRY--PERSONAL NAME
Personal name SANTAMARIA AMBRIZ, ROCIO
245 14 - TITLE STATEMENT
Title LOS DESAFIOS DEL POSTGRADO EN AMERICA LATINA
260 ## - PUBLICATION, DISTRIBUTION, ETC.
Place of publication, distribution, etc. [s.l.] :
Name of publisher, distributor, etc. UDUAL,
Date of publication, distribution, etc. 1995
300 ## - PHYSICAL DESCRIPTION
Extent 108
490 ## - SERIES STATEMENT
Series statement UDUAL
Volume/sequential designation 6
650 14 - SUBJECT ADDED ENTRY--TOPICAL TERM
Topical term or geographic name entry element TITULOS ACADEMICOS
General subdivision AMERICA LATINA
Existencias
Withdrawn status Lost status Source of classification or shelving scheme Damaged status Not for loan Collection code Home library Current library Shelving location Date acquired Source of acquisition Inventory number Total Checkouts Full call number Barcode Date last seen Price effective from Koha item type
    Dewey Decimal Classification     General Biblioteca Karol Wojtyla Biblioteca Karol Wojtyla Sala general 03/12/2013 Compra 151000000000000000040329   378.15538 SAN 35261 05/01/2026 03/12/2013 Libro